[Event "Fagernes Chess International"]
[Site "Fagernes"]
[Date "2015.03.29"]
[Round "1"]
[White "Kvisla, Johannes Luangtep"]
[Black "Lund, Gunnar"]
[Result "1-0"]
[WhiteElo "2174"]
[BlackElo "1719"]
[PlyCount "57"]
[EventDate "2015.??.??"]

1. e4 e5 2. Nf3 Nc6 3. Bb5 a6 4. Ba4 Bc5 5. O-O d6 6. c3 b5 7. Bb3 Nf6 8. d4
exd4 9. cxd4 Bb6 10. h3 O-O 11. Nc3 Re8 12. Bg5 h6 13. Bh4 g5 14. Bg3 b4 15.
Nd5 Bb7 16. Nxb6 cxb6 17. e5 Ne4 18. Qd3 Na5 19. Bc2 d5 20. Nh2 Nc4 21. Ng4 Re6
22. Bh2 Nxb2 23. Qb3 Nc4 24. Bxe4 Nd2 25. Bh7+ Kxh7 26. Qd3+ Ne4 27. f3 a5 28.
fxe4 Ba6 29. Qf3
1-0

[Event "Fagernes Chess International"]
[Site "Fagernes"]
[Date "2015.03.29"]
[Round "1"]
[White "Berntsen-Øybø, August"]
[Black "Maloberti, David"]
[Result "0-1"]
[WhiteElo "1717"]
[BlackElo "2140"]
[PlyCount "44"]
[EventDate "2015.??.??"]

1. e4 e6 2. d4 d5 3. Nc3 Bb4 4. e5 c5 5. a3 Bxc3+ 6. bxc3 Ne7 7. Qg4 O-O 8. h4
f5 9. exf6 Rxf6 10. Bg5 Rf7 11. Nf3 Nbc6 12. Ne5 Nxe5 13. dxe5 Qa5 14. Bd2 Nc6
15. f4 Qa4 16. Kd1 Nxe5 17. Qh5 Nd7 18. Bd3 Nf6 19. Qf3 e5 20. Qe3 Bg4+ 21. Kc1
e4 22. Be2 d4
0-1

[Event "Fagernes Chess International"]
[Site "Fagernes"]
[Date "2015.03.29"]
[Round "1"]
[White "Johnsen, Kjell Magne"]
[Black "Olsen, William Sandberg"]
[Result "1-0"]
[WhiteElo "2099"]
[BlackElo "1716"]
[PlyCount "63"]
[EventDate "2015.??.??"]

1. d4 d5 2. c4 e6 3. Nc3 Nf6 4. cxd5 exd5 5. Bg5 Nbd7 6. e3 c6 7. Bd3 Bb4 8.
Nge2 O-O 9. O-O h6 10. Bh4 g5 11. Bg3 Nh5 12. Qc2 Ndf6 13. f3 Nxg3 14. Nxg3 g4
15. Qf2 Re8 16. fxg4 Re6 17. Nh5 Be7 18. Qf4 Qf8 19. Ng3 Nd7 20. Nf5 Bg5 21.
Qg3 Qe8 22. Rae1 Qd8 23. h4 Be7 24. Qf4 Qf8 25. e4 Bd6 26. Nxd6 Rxd6 27. exd5
cxd5 28. Bh7+ Kxh7 29. Qxf7+ Qxf7 30. Rxf7+ Kg6 31. Ree7 b6 32. Ne2
1-0

[Event "Fagernes Chess International"]
[Site "Fagernes"]
[Date "2015.03.29"]
[Round "1"]
[White "Mørkedal, Øyvind"]
[Black "Løbersli, Henrik Øie"]
[Result "0-1"]
[WhiteElo "1711"]
[BlackElo "2078"]
[PlyCount "146"]
[EventDate "2015.??.??"]

1. d4 d5 2. c4 e6 3. Nc3 Nf6 4. Bg5 Nbd7 5. cxd5 exd5 6. e3 Bb4 7. a3 Bxc3+ 8.
bxc3 O-O 9. Nf3 c5 10. Bd3 Qa5 11. Qd2 c4 12. Bxf6 Nxf6 13. Bc2 Ne4 14. Bxe4
dxe4 15. Ne5 Be6 16. h3 Rfd8 17. Qc2 Bd5 18. O-O Rd6 19. Rfb1 f6 20. Ng4 Bc6
21. a4 Qg5 22. Qe2 Bd5 23. Rb5 Rad8 24. a5 Re6 25. Rab1 h5 26. Nh2 f5 27. Rxd5
Rxd5 28. Qxc4 Rdd6 29. Rxb7 a6 30. Rb8+ Kh7 31. Qc8 f4 32. Nf1 f3 33. g3 Qxa5
34. Qh8+ Kg6 35. Rb7 Kg5 36. h4+ Kg4 37. Nh2+ Kh3 38. Rb1 Rg6 39. Qc8+ Rde6 40.
Rd1 Qa4 41. Rd2 Qc6 42. Qf8 Ref6 43. Qb8 Qxc3 44. Rd1 Qc2 45. Rf1 Qc6 46. Qe5
Qd6 47. Qxd6 Rxd6 48. Ra1 Rd5 49. Nf1 Kg4 50. Nd2 Kf5 51. Rc1 Rb6 52. Rc8 a5
53. Rf8+ Rf6 54. Re8 Re6 55. Rf8+ Kg4 56. Kh2 Rf5 57. Rg8 Rf7 58. Nc4 Rc7 59.
Rf8 Rf6 60. Ne5+ Kf5 61. Rh8 g6 62. Rd8 Rc2 63. Kg1 Rc1+ 64. Kh2 Rf1 65. g4+
hxg4 66. Kg3 Rg1+ 67. Kh2 Rg2+ 68. Kh1 Rxf2 69. Rd5 Ke6 70. Rxa5 g3 71. Kg1
Rg2+ 72. Kf1 Ke7 73. h5 gxh5
0-1

[Event "Fagernes Chess International"]
[Site "Fagernes"]
[Date "2015.03.29"]
[Round "1"]
[White "Smits, Frans"]
[Black "Bue, Gunnar"]
[Result "1/2-1/2"]
[WhiteElo "2064"]
[BlackElo "1673"]
[PlyCount "68"]
[EventDate "2015.??.??"]

1. e4 d6 2. d4 Nf6 3. Nc3 g6 4. Bg5 Bg7 5. f4 O-O 6. Nf3 Nc6 7. d5 Nb8 8. Qd2
c6 9. dxc6 bxc6 10. Bd3 Na6 11. a3 Nc5 12. O-O Nxd3 13. cxd3 Rb8 14. Kh1 Qb6
15. Rab1 h6 16. Bh4 Bg4 17. Bf2 c5 18. Nh4 Qc6 19. h3 Bd7 20. Rbe1 Rb7 21. Nf3
Rfb8 22. Nd1 Nh5 23. e5 dxe5 24. Nxe5 Bxe5 25. fxe5 Bxh3 26. Re4 Bxg2+ 27. Kxg2
f5 28. exf6 Nxf6 29. Rfe1 Nxe4 30. dxe4 Rd7 31. Qxh6 Rxd1 32. Rxd1 Qxe4+ 33.
Kg1 Qg4+ 34. Kh2 Qxd1
1/2-1/2

[Event "Fagernes Chess International"]
[Site "Fagernes"]
[Date "2015.03.29"]
[Round "1"]
[White "Jacobsen, Caroline Beer"]
[Black "Donchenko, Irina"]
[Result "0-1"]
[WhiteElo "1668"]
[BlackElo "2058"]
[PlyCount "49"]
[EventDate "2015.??.??"]

1. e4 g6 2. d4 Bg7 3. Nf3 d6 4. Be2 a6 5. O-O b5 6. c3 Bb7 7. d5 Nf6 8. Nbd2 c6
9. c4 bxc4 10. Bxc4 cxd5 11. Qb3 dxc4 12. Qxb7 Nbd7 13. Nxc4 Qc8 14. Qxc8+ Rxc8
15. Ncd2 O-O 16. Ne1 Nc5 17. f3 Nfd7 18. Nb3 Na4 19. Nd3 Rb8 20. Rf2 Rfc8 21.
Bg5 Kf8 22. Rb1 Nac5 23. Nbc1 Nxd3 24. Nxd3 Bd4 25. Kf1
0-1

[Event "Fagernes Chess International"]
[Site "Fagernes"]
[Date "2015.03.29"]
[Round "1"]
[White "Bentsen, Håkon"]
[Black "Dybvik, Bjørn Noralf"]
[Result "1-0"]
[WhiteElo "2050"]
[BlackElo "1650"]
[PlyCount "59"]
[EventDate "2015.??.??"]

1. e4 c6 2. d4 d5 3. Nc3 dxe4 4. Nxe4 Bf5 5. Ng3 Bg6 6. h4 h6 7. Nf3 Nd7 8. h5
Bh7 9. Bd3 Bxd3 10. Qxd3 Ngf6 11. Bd2 e6 12. Ne4 Nxe4 13. Qxe4 Nf6 14. Qe2 Bd6
15. c4 O-O 16. O-O-O Qc7 17. Kb1 a5 18. Rdg1 Bf4 19. g4 Bxd2 20. Qxd2 Ne4 21.
Qe3 Ng5 22. Nxg5 hxg5 23. Qxg5 f6 24. Qe3 Rfe8 25. g5 fxg5 26. Rxg5 Re7 27. h6
Qd7 28. Rhg1 Rf8 29. Rxg7+ Kh8 30. Qe5
1-0

[Event "Fagernes Chess International"]
[Site "Fagernes"]
[Date "2015.03.29"]
[Round "1"]
[White "Mansoor, Afras"]
[Black "Hoem, Tor Wetle"]
[Result "1-0"]
[WhiteElo "1625"]
[BlackElo "2039"]
[PlyCount "75"]
[EventDate "2015.??.??"]

1. d4 Nf6 2. Bg5 Ne4 3. Bf4 c5 4. f3 Qa5+ 5. c3 Nf6 6. d5 d6 7. e4 g6 8. Nd2
Nbd7 9. Bd3 Bg7 10. Ne2 O-O 11. Nc4 Qc7 12. Qd2 Re8 13. O-O b5 14. Ne3 Rb8 15.
Rfc1 a5 16. a3 Nh5 17. Bg5 a4 18. Ng4 Ne5 19. Nxe5 dxe5 20. Ng3 Nf4 21. Ne2
Nxd3 22. Qxd3 Rb6 23. Rd1 Ba6 24. Qe3 Reb8 25. Nc1 h5 26. Nd3 Rc8 27. Bh4 b4
28. axb4 Bxd3 29. bxc5 Rxb2 30. Rxd3 Qa7 31. c6 Ra8 32. Qxa7 Rxa7 33. Bxe7 Rxe7
34. d6 Ra7 35. c7 a3 36. c8=Q+ Kh7 37. d7 a2 38. Rdd1
1-0

[Event "Fagernes Chess International"]
[Site "Fagernes"]
[Date "2015.03.29"]
[Round "1"]
[White "Machlik, Endre"]
[Black "Wærstad, Leif E"]
[Result "1-0"]
[WhiteElo "2036"]
[BlackElo "1622"]
[PlyCount "33"]
[EventDate "2015.??.??"]

1. d4 d5 2. c4 Nf6 3. cxd5 Nxd5 4. e4 Nb6 5. Nc3 N8d7 6. Nf3 e6 7. Be2 Be7 8.
O-O O-O 9. Bf4 c6 10. Qc2 c5 11. Nb5 Nf6 12. Bc7 Qe8 13. Bxb6 axb6 14. Nc7 Qc6
15. Nxa8 Bd7 16. Ne5 Qd6 17. Nc4
1-0

[Event "Fagernes Chess International"]
[Site "Fagernes"]
[Date "2015.03.29"]
[Round "1"]
[White "Yilmaz, Kazim"]
[Black "Olsen, Robin"]
[Result "0-1"]
[WhiteElo "1620"]
[BlackElo "2030"]
[PlyCount "76"]
[EventDate "2015.??.??"]

1. e4 c6 2. Nf3 d5 3. exd5 cxd5 4. Bb5+ Bd7 5. Qe2 Bxb5 6. Qxb5+ Qd7 7. Qxd7+
Nxd7 8. d4 Ngf6 9. O-O e6 10. Bf4 Be7 11. Nbd2 O-O 12. Rfe1 Rfc8 13. c3 b5 14.
Rac1 Nb6 15. Ne5 Ne8 16. Nd3 a5 17. a3 Nd6 18. Bxd6 Bxd6 19. b4 axb4 20. axb4
Ra3 21. Nc5 Bf4 22. Rc2 Bxd2 23. Rxd2 Rxc3 24. Rb1 Ra8 25. h4 h5 26. g3 Nc4 27.
Rdd1 Ra2 28. Rb3 Rcc2 29. Rf3 Rd2 30. Rxd2 Rxd2 31. Rd3 Ra2 32. Rf3 Na3 33. Rc3
Nc2 34. Nd3 Nxd4 35. Kg2 Ra7 36. Rc5 Kf8 37. Ne5 Ke7 38. Nc6+ Nxc6
0-1

[Event "Fagernes Chess International"]
[Site "Fagernes"]
[Date "2015.03.29"]
[Round "1"]
[White "Nilsen, Martin"]
[Black "Mrachek, Svetlana"]
[Result "1-0"]
[WhiteElo "2025"]
[BlackElo "1617"]
[PlyCount "60"]
[EventDate "2015.??.??"]

1. c4 e5 2. Nc3 Nf6 3. d3 Be7 4. Nf3 Nc6 5. g3 d6 6. Bg2 Bg4 7. O-O Qd7 8. Bg5
Bh3 9. Bxf6 Bxg2 10. Kxg2 Bxf6 11. Nd5 O-O-O 12. b4 Ne7 13. e4 c6 14. Ne3 h5
15. h3 h4 16. g4 Ng6 17. b5 Nf4+ 18. Kh2 Rde8 19. bxc6 bxc6 20. Rb1 Bd8 21. Qa4
Bb6 22. c5 dxc5 23. Nc4 Qc7 24. Rb3 Rh6 25. Rfb1 Ne6 26. Qa6+ Kd8 27. Nxb6 Nd4
28. Nxd4 exd4+ 29. Kg2 c4 30. Nxc4 Rf6
1-0

[Event "Fagernes Chess International"]
[Site "Fagernes"]
[Date "2015.03.29"]
[Round "1"]
[White "Shehzad, Kasher"]
[Black "Melkevik, Johannes"]
[Result "0-1"]
[WhiteElo "1589"]
[BlackElo "2014"]
[PlyCount "82"]
[EventDate "2015.??.??"]

1. d4 f5 2. c4 Nf6 3. Nc3 d6 4. Nf3 g6 5. b3 Bg7 6. Bb2 O-O 7. e3 c6 8. g3 Qc7
9. Ne2 e5 10. dxe5 Ne4 11. Bg2 dxe5 12. O-O Na6 13. Qc1 Rd8 14. Nc3 Nec5 15.
Rd1 Nd3 16. Qb1 Nac5 17. Ba3 e4 18. Nd4 Ne6 19. Nxe6 Bxe6 20. Qc2 Qa5 21. Na4
Bxa1 22. Rxa1 Qe5 23. Rd1 b5 24. Nb2 b4 25. Nxd3 exd3 26. Qb2 Qd6 27. c5 bxa3
28. Qxa3 Qc7 29. b4 Bd5 30. Rxd3 Bxg2 31. Kxg2 Rxd3 32. Qxd3 Rd8 33. Qc3 Qe7
34. a4 g5 35. b5 Qe4+ 36. f3 Qe6 37. b6 g4 38. fxg4 fxg4 39. Kf2 Qa2+ 40. Ke1
Qb1+ 41. Ke2 Qd1+
0-1

[Event "Fagernes Chess International"]
[Site "Fagernes"]
[Date "2015.03.29"]
[Round "1"]
[White "Ranaldi, Lucas"]
[Black "Krogseth, Lars Martin"]
[Result "1-0"]
[WhiteElo "2014"]
[BlackElo "1585"]
[PlyCount "63"]
[EventDate "2015.??.??"]

1. d4 d5 2. c4 c6 3. Nf3 Nf6 4. e3 e6 5. b3 Bd6 6. Bb2 Ne4 7. Bd3 Nd7 8. O-O
Qc7 9. h3 O-O 10. Bxe4 dxe4 11. Ng5 Nf6 12. Nc3 Rd8 13. Ngxe4 Be7 14. Qf3 e5
15. Nxf6+ Bxf6 16. Ne4 Qe7 17. Nxf6+ gxf6 18. dxe5 fxe5 19. Qg3+ Kf8 20. Bxe5
f6 21. Bf4 Bf5 22. Rfd1 Kf7 23. Bd6 Qe6 24. Kh2 Rg8 25. Qf4 Rxg2+ 26. Kxg2
Bxh3+ 27. Kh2 Bg4 28. Rg1 h5 29. f3 Bxf3 30. Qxf3 Qxd6+ 31. Qg3 Qd2+ 32. Rg2
1-0

[Event "Fagernes Chess International"]
[Site "Fagernes"]
[Date "2015.03.29"]
[Round "1"]
[White "Grindbakken, Erik"]
[Black "Jacobsen, Fredrik Beer"]
[Result "0-1"]
[WhiteElo "1546"]
[BlackElo "2011"]
[PlyCount "76"]
[EventDate "2015.??.??"]

1. c4 e5 2. Nc3 Nf6 3. Nf3 Nc6 4. g3 d5 5. cxd5 Nxd5 6. Bg2 Nb6 7. O-O Be7 8.
e3 O-O 9. d4 exd4 10. Nxd4 Nxd4 11. exd4 c6 12. b3 Be6 13. Bb2 Qd7 14. Qd2 Rad8
15. Ne2 Nd5 16. Rac1 Rfe8 17. Rfe1 Bb4 18. Nc3 Bxc3 19. Bxc3 Nxc3 20. Qxc3 Qxd4
21. Qxd4 Rxd4 22. Bh3 Rd6 23. Rc2 Kf8 24. Rce2 Bd7 25. Rxe8+ Bxe8 26. Bc8 b6
27. Ba6 Bd7 28. Re2 Bg4 29. Re3 Bh3 30. f4 Rd1+ 31. Kf2 Rh1 32. Bb7 Rxh2+ 33.
Kg1 Rc2 34. a4 Be6 35. Ba6 Rb2 36. Bb7 c5 37. Bc6 Rxb3 38. Re1 g6
0-1

[Event "Fagernes Chess International"]
[Site "Fagernes"]
[Date "2015.03.29"]
[Round "1"]
[White "Taksrud, Vidar"]
[Black "Shehzad, Shazil"]
[Result "1-0"]
[WhiteElo "2009"]
[BlackElo "1518"]
[PlyCount "89"]
[EventDate "2015.??.??"]

1. d4 Nf6 2. c4 e6 3. Nf3 Bb4+ 4. Bd2 Bxd2+ 5. Qxd2 O-O 6. Nc3 d5 7. e3 b6 8.
Rc1 Bb7 9. cxd5 exd5 10. Be2 Nbd7 11. O-O Re8 12. Nb5 Ne4 13. Qc2 c6 14. Nc3
Ndf6 15. Ne5 Rc8 16. Nxe4 Nxe4 17. Bg4 Rc7 18. Bf5 Nf6 19. b4 h6 20. f4 Ne4 21.
Rfd1 Nd6 22. Bh7+ Kh8 23. Bd3 Kg8 24. Qf2 Rce7 25. Re1 Rc7 26. a4 a5 27. bxa5
bxa5 28. Rc5 Rc8 29. Qc2 Qb6 30. Rb1 Qc7 31. Qc3 f6 32. Nf3 Kh8 33. Bg6 Ne4 34.
Bxe4 Rxe4 35. Nd2 Re6 36. Nb3 Rce8 37. Re1 Qxf4 38. exf4 Rxe1+ 39. Kf2 Ba6 40.
Qxe1 Rxe1 41. Kxe1 Bc4 42. Rxc4 dxc4 43. Nxa5 c3 44. Nxc6 c2 45. Kd2
1-0

[Event "Fagernes Chess International"]
[Site "Fagernes"]
[Date "2015.03.29"]
[Round "1"]
[White "Skjølingstad, Sverre"]
[Black "Pettersen, Joar Gullestad"]
[Result "1/2-1/2"]
[WhiteElo "1513"]
[BlackElo "1979"]
[PlyCount "75"]
[EventDate "2015.??.??"]

1. e4 e5 2. Nf3 Nc6 3. d4 exd4 4. Nxd4 Nf6 5. Nc3 Bb4 6. Nxc6 bxc6 7. Qd4 Qe7
8. f3 Bc5 9. Qd3 h6 10. Bd2 a5 11. Bf4 Nh5 12. Be3 Ba6 13. Qd2 Bxe3 14. Qxe3
Bxf1 15. Rxf1 Qh4+ 16. Qf2 Qxh2 17. O-O-O Qf4+ 18. Kb1 Ng3 19. Rfe1 Nh5 20. Qd4
Rd8 21. Qc5 Nf6 22. Nd5 Qd6 23. Qxd6 cxd6 24. Nxf6+ gxf6 25. Rxd6 Ke7 26. Rd4
d6 27. Red1 h5 28. Ra4 Rdg8 29. Rad4 Rd8 30. R4d2 Rhg8 31. Rh1 Rg5 32. Rh4 Ke6
33. Rh3 Rdg8 34. a4 Rxg2 35. Rxg2 Rxg2 36. Rxh5 Rg5 37. Rh4 f5 38. Kc1
1/2-1/2

[Event "Fagernes Chess International"]
[Site "Fagernes"]
[Date "2015.03.29"]
[Round "1"]
[White "Machlik, Monika"]
[Black "Galinskyi, Mykhalo"]
[Result "1-0"]
[WhiteElo "1967"]
[BlackElo "1490"]
[PlyCount "31"]
[EventDate "2015.??.??"]

1. d4 d5 2. c4 dxc4 3. e4 Nf6 4. e5 Nd5 5. Bxc4 e6 6. Nf3 Nc6 7. O-O Be7 8. Be3
O-O 9. Nbd2 a6 10. Rc1 h6 11. Ne4 b5 12. Bd3 Bb7 13. Bb1 Nb6 14. Qd3 Nc4 15.
Nf6+ Bxf6 16. Qh7#
1-0

[Event "Fagernes Chess International"]
[Site "Fagernes"]
[Date "2015.03.29"]
[Round "1"]
[White "Tenold, Andreas"]
[Black "Johansen, Pål H"]
[Result "0-1"]
[WhiteElo "1466"]
[BlackElo "1962"]
[PlyCount "72"]
[EventDate "2015.??.??"]

1. c4 c6 2. Nc3 d5 3. e3 Nf6 4. Nf3 a6 5. d4 Bf5 6. cxd5 cxd5 7. Be2 e6 8. O-O
Bd6 9. Qb3 b5 10. a4 b4 11. Na2 O-O 12. Ne5 Qc7 13. Bd3 Bxe5 14. dxe5 Qxe5 15.
Bxf5 Qxf5 16. Qxb4 Nc6 17. Qh4 Rab8 18. b4 Qc2 19. Ba3 Qb3 20. Nc1 Qxa4 21. g3
Ne5 22. f4 Ng6 23. Qh3 Rfc8 24. Nd3 Qb3 25. Rfd1 Rc3 26. Nc5 Qc4 27. Rac1 Rxc1
28. Rxc1 Qa2 29. Rc3 Qa1+ 30. Rc1 Qxa3 31. Re1 Qxb4 32. Nd3 Qd2 33. Qf1 Ng4 34.
Qh3 Qxd3 35. Qxg4 Rb1 36. Rxb1 Qxe3+
0-1

[Event "Fagernes Chess International"]
[Site "Fagernes"]
[Date "2015.03.29"]
[Round "1"]
[White "Machlik, Jon"]
[Black "Merkesvik, Amalie Isabel"]
[Result "1-0"]
[WhiteElo "1947"]
[BlackElo "1462"]
[PlyCount "41"]
[EventDate "2015.??.??"]

1. e4 e5 2. Nf3 Nc6 3. Bc4 Bc5 4. b4 Bxb4 5. c3 Ba5 6. d4 exd4 7. Qb3 Qf6 8.
O-O Nge7 9. cxd4 O-O 10. Bg5 Qg6 11. Bxe7 Nxe7 12. Qa3 Nc6 13. d5 Bb6 14. dxc6
dxc6 15. Nc3 Bh3 16. Ne1 Rae8 17. Kh1 Be6 18. Be2 Bd4 19. Bd3 Qf6 20. Rc1 Bxf2
21. Nd1
1-0

[Event "Fagernes Chess International"]
[Site "Fagernes"]
[Date "2015.03.29"]
[Round "1"]
[White "Omtvedt, Per"]
[Black "Gaure, Sigurd Lauvås"]
[Result "1-0"]
[WhiteElo "1919"]
[BlackElo "1370"]
[PlyCount "55"]
[EventDate "2015.??.??"]

1. e4 c5 2. Nc3 Nf6 3. e5 Ng8 4. f4 d6 5. Nf3 Bg4 6. h3 Bxf3 7. Qxf3 Nc6 8. Bb5
Qc7 9. O-O O-O-O 10. Bxc6 Qxc6 11. Qxc6+ bxc6 12. Ne4 dxe5 13. fxe5 f6 14. Nxc5
fxe5 15. Ne6 Rd6 16. Rxf8+ Kd7 17. Nc5+ Kc7 18. d3 Rf6 19. Rxf6 gxf6 20. Be3 f5
21. Re1 Kd6 22. Nb3 Nf6 23. Bxa7 Ra8 24. Bc5+ Ke6 25. Bd4 Nd7 26. a3 Kf6 27.
Bc3 c5 28. Nd2
1-0

[Event "Fagernes Chess International"]
[Site "Fagernes"]
[Date "2015.03.29"]
[Round "1"]
[White "Berg-Olsen, Sebastian N"]
[Black "Tangelder, Yonne"]
[Result "0-1"]
[WhiteElo "1342"]
[BlackElo "1875"]
[PlyCount "84"]
[EventDate "2015.??.??"]

1. e4 e5 2. Nf3 Nc6 3. d4 exd4 4. Nxd4 Bb4+ 5. c3 Bc5 6. Be3 Bb6 7. Bc4 Nge7 8.
Nxc6 bxc6 9. Bd4 O-O 10. Nd2 d5 11. Bb3 c5 12. Be3 d4 13. Bg5 Qd7 14. Nc4 Ng6
15. Nxb6 axb6 16. f3 h6 17. Bd2 Ba6 18. c4 f5 19. O-O fxe4 20. fxe4 Rxf1+ 21.
Qxf1 Rf8 22. Qd3 Qe6 23. Rf1 Rxf1+ 24. Qxf1 Qxe4 25. Qf3 Qxf3 26. gxf3 Kf7 27.
Bc2 Bxc4 28. b3 Bd5 29. f4 Nh4 30. Bd1 Nf3+ 31. Bxf3 Bxf3 32. f5 b5 33. Kf2 Bd5
34. Bf4 c4 35. bxc4 bxc4 36. Bxc7 Kf6 37. Bb6 Ke5 38. Ba5 Kxf5 39. Bb4 g6 40.
Bc5 Ke4 41. Ke2 c3 42. a3 d3+
0-1

[Event "Fagernes Chess International"]
[Site "Fagernes"]
[Date "2015.03.29"]
[Round "1"]
[White "Nordquelle, Daniel"]
[Black "Larsen, Per Magnus"]
[Result "1-0"]
[WhiteElo "1874"]
[BlackElo "1312"]
[PlyCount "61"]
[EventDate "2015.??.??"]

1. e4 e6 2. Nf3 Nf6 3. e5 Ng8 4. d4 d5 5. Be2 Bb4+ 6. c3 Be7 7. O-O b6 8. b4 c5
9. bxc5 bxc5 10. c4 Bb7 11. Nc3 cxd4 12. Nxd4 Nc6 13. cxd5 Nxd4 14. Qxd4 Bxd5
15. Qa4+ Kf8 16. Rd1 Rc8 17. Nxd5 exd5 18. Qxa7 Bc5 19. Qb7 Ne7 20. Bg5 d4 21.
Bxe7+ Bxe7 22. Rxd4 Qc7 23. Qd5 Rd8 24. Qe4 Rxd4 25. Qxd4 Ba3 26. Rd1 Ke7 27.
Qh4+ f6 28. exf6+ gxf6 29. Qe4+ Qe5 30. Qb7+ Ke6 31. Qd7#
1-0

[Event "Fagernes Chess International"]
[Site "Fagernes"]
[Date "2015.03.29"]
[Round "1"]
[White "Mansoor, Safeer Uddin"]
[Black "Fossan, Andreas"]
[Result "1-0"]
[WhiteElo "1300"]
[BlackElo "1873"]
[PlyCount "101"]
[EventDate "2015.??.??"]

1. e4 c6 2. d4 d5 3. Nc3 dxe4 4. Nxe4 Bf5 5. Ng3 Bg6 6. Nf3 Nd7 7. c3 e6 8. Bd3
Bxd3 9. Qxd3 Ngf6 10. O-O Be7 11. Re1 O-O 12. Be3 Qc7 13. Bg5 h6 14. Bxf6 Nxf6
15. Ne4 Rfd8 16. Qc2 Rac8 17. Rad1 Qb6 18. h3 Nd7 19. Ng3 Nf6 20. Nf5 Bf8 21.
Ne3 c5 22. dxc5 Bxc5 23. Rxd8+ Rxd8 24. Nc4 Qc7 25. Nce5 Rd5 26. c4 Rd8 27. b3
Qd6 28. Qb2 Nh5 29. Qe2 Ng3 30. Qc2 Nf5 31. Qe4 Bb4 32. Re2 Qd1+ 33. Kh2 Bd6
34. g3 Bxe5 35. Nxe5 Qd6 36. Qxb7 Qf8 37. Qxa7 Nd4 38. Re3 Nf5 39. Rf3 Ra8 40.
Qd7 Rxa2 41. g4 Nh4 42. Rf4 g5 43. Rf6 Re2 44. Nxf7 Qb8+ 45. Nd6 Nf5 46. Rg6+
Kh8 47. gxf5 Rxf2+ 48. Kg1 Rg2+ 49. Kf1 Rf2+ 50. Kxf2 Qb6+ 51. Ke2
1-0

[Event "Fagernes Chess International"]
[Site "Fagernes"]
[Date "2015.03.29"]
[Round "1"]
[White "Bjørgvik, Jan Arne"]
[Black "Brobakken, Lars Erik"]
[Result "1-0"]
[WhiteElo "1833"]
[BlackElo "1284"]
[PlyCount "77"]
[EventDate "2015.??.??"]

1. e4 c6 2. d4 d5 3. exd5 cxd5 4. Nf3 Nf6 5. Bb5+ Nc6 6. Ne5 Qb6 7. Nc3 Bf5 8.
O-O e6 9. h3 Bd6 10. Bf4 Rd8 11. Rb1 O-O 12. Nxc6 bxc6 13. Bxd6 Rxd6 14. Be2
Qa5 15. b4 Qc7 16. Bd3 Bxd3 17. Qxd3 Rdd8 18. Rb3 Rb8 19. Rfb1 Rfc8 20. g3 a5
21. bxa5 Rxb3 22. cxb3 Qxa5 23. Na4 Ne4 24. Kg2 g6 25. Rc1 Kg7 26. f3 Nd6 27.
g4 Nb5 28. Rc2 Qb4 29. Rd2 Rh8 30. Qe3 h5 31. g5 Qd6 32. h4 Re8 33. f4 Qb4 34.
Nc5 Nd6 35. a3 Qb8 36. Qe5+ Kg8 37. Nd7 f6 38. Nxf6+ Kf7 39. Nxe8
1-0

[Event "Fagernes Chess International"]
[Site "Fagernes"]
[Date "2015.03.29"]
[Round "1"]
[White "Robertsen, Bjørn"]
[Black "Shehzad, Alisha"]
[Result "1-0"]
[WhiteElo "1810"]
[BlackElo "879"]
[PlyCount "31"]
[EventDate "2015.??.??"]

1. e4 e5 2. Nf3 Nc6 3. Bc4 Bc5 4. b4 Bxb4 5. c3 Bc5 6. d4 exd4 7. O-O dxc3 8.
Bxf7+ Kf8 9. Bxg8 Rxg8 10. Ng5 h6 11. Qf3+ Ke7 12. Qf7+ Kd6 13. Bf4+ Ne5 14.
Qd5+ Ke7 15. Qxe5+ Kf8 16. Qf5+
1-0

[Event "Fagernes Chess International"]
[Site "Fagernes"]
[Date "2015.03.29"]
[Round "1"]
[White "Hina, Ariza"]
[Black "Standal, Bård"]
[Result "0-1"]
[WhiteElo "816"]
[BlackElo "1771"]
[PlyCount "68"]
[EventDate "2015.??.??"]

1. e4 c5 2. Nf3 d6 3. Nc3 a6 4. d3 Nc6 5. Be3 Nf6 6. Be2 e6 7. O-O Be7 8. Bf4
e5 9. Bg3 O-O 10. Bh4 Nd4 11. Bxf6 Nxe2+ 12. Qxe2 Bxf6 13. Nd5 Be6 14. c4 Bxd5
15. exd5 Be7 16. b3 f5 17. Nd2 Bg5 18. Rab1 Qa5 19. Rb2 Bf6 20. Rc2 Qd8 21. f4
exf4 22. Rxf4 Bg5 23. Rf2 Re8 24. Qf1 Be3 25. Kh1 Bxf2 26. Qxf2 Qf6 27. h3 Re7
28. Nf3 Rae8 29. Kh2 g5 30. g4 fxg4 31. hxg4 Qf4+ 32. Kh3 Re3 33. Kg2 Qxg4+ 34.
Kh1 Rxf3
0-1

[Event "Fagernes Chess International"]
[Site "Fagernes"]
[Date "2015.03.29"]
[Round "2"]
[White "Johansen, Pål H"]
[Black "Kvisla, Johannes Luangtep"]
[Result "1-0"]
[WhiteElo "1962"]
[BlackElo "2174"]
[PlyCount "145"]
[EventDate "2015.??.??"]

1. e4 c5 2. Nf3 a6 3. g3 b5 4. Bg2 Bb7 5. d3 d6 6. O-O g6 7. Nc3 Bg7 8. Ne2 e6
9. c3 Ne7 10. Bg5 h6 11. Be3 O-O 12. Qd2 Kh7 13. h4 e5 14. Nh2 Qd7 15. f4 exf4
16. Nxf4 Nbc6 17. d4 Na5 18. b3 Qc7 19. Rad1 c4 20. b4 Nac6 21. Ng4 Bc8 22. Bf3
f5 23. exf5 Bxf5 24. Nf2 h5 25. N2h3 Bxh3 26. Nxh3 d5 27. Bf4 Qd7 28. Ng5+ Kh8
29. Rde1 Nf5 30. Ne6 Rfe8 31. Nxg7 Kxg7 32. Qg2 Nce7 33. Re5 a5 34. Bxd5 Nxd5
35. Rxd5 Qb7 36. a3 axb4 37. axb4 Ra3 38. Re5 Qxg2+ 39. Kxg2 Rxe5 40. Bxe5+ Kg8
41. Rf3 Ra2+ 42. Kh3 Rd2 43. Bf4 Rd1 44. Kg2 Kf7 45. Kf2 Ke6 46. Ke2 Rg1 47.
Kf2 Rd1 48. Ke2 Rg1 49. Kf2 Ra1 50. Bd2 Kd5 51. Ke2 Ra2 52. Kd1 Nd6 53. Re3 Ne4
54. Be1 Rg2 55. Rf3 Nd6 56. Re3 Nf5 57. Re8 Nxg3 58. Re5+ Kd6 59. Rg5 Nf5 60.
Rxg2 Ne3+ 61. Ke2 Nxg2 62. Bg3+ Ke6 63. Kf3 Nxh4+ 64. Bxh4 Kf5 65. Bd8 g5 66.
Bc7 h4 67. Bd8 g4+ 68. Ke3 h3 69. Bc7 Kg5 70. Bg3 Kf5 71. d5 Kg5 72. d6 Kf6 73.
Kf4
1-0

[Event "Fagernes Chess International"]
[Site "Fagernes"]
[Date "2015.03.29"]
[Round "2"]
[White "Maloberti, David"]
[Black "Machlik, Jon"]
[Result "1-0"]
[WhiteElo "2140"]
[BlackElo "1947"]
[PlyCount "79"]
[EventDate "2015.??.??"]

1. d4 f5 2. c4 g6 3. Nc3 Nf6 4. Nf3 Bg7 5. Bf4 O-O 6. e3 d6 7. Bd3 c6 8. O-O
Qe8 9. Qb3 Nbd7 10. c5+ d5 11. Be5 h6 12. e4 fxe4 13. Nxe4 g5 14. Nxf6+ Nxf6
15. Rae1 Ng4 16. Bxg7 Kxg7 17. Ne5 Nxe5 18. Rxe5 Rf4 19. Bc2 Qf7 20. Qe3 e6 21.
Bd1 b6 22. g3 Rf5 23. Bg4 Rxe5 24. Qxe5+ Kg6 25. Re1 bxc5 26. dxc5 h5 27. Bxe6
Bxe6 28. Qxe6+ Qf6 29. Qe7 Qxe7 30. Rxe7 Kf6 31. Rc7 Rb8 32. b3 Ke5 33. Rxc6 d4
34. Kf1 Kd5 35. Rc7 Re8 36. c6 Kd6 37. Rd7+ Kxc6 38. Rxd4 Kc5 39. Rd7 a5 40.
Rh7
1-0

[Event "Fagernes Chess International"]
[Site "Fagernes"]
[Date "2015.03.29"]
[Round "2"]
[White "Lundberg, Alf W."]
[Black "Johnsen, Kjell Magne"]
[Result "0-1"]
[WhiteElo "1925"]
[BlackElo "2099"]
[PlyCount "102"]
[EventDate "2015.??.??"]

1. e4 e6 2. Nf3 d5 3. e5 c5 4. b4 b6 5. a3 Qc7 6. c3 Nc6 7. d4 Nge7 8. Bd3 Bd7
9. O-O c4 10. Bc2 f5 11. a4 h6 12. h4 g6 13. Na3 a6 14. b5 Nd8 15. bxa6 Rxa6
16. Bf4 Nb7 17. Nh2 Bc6 18. g4 Nc8 19. Bg3 Qf7 20. h5 Ne7 21. gxf5 gxf5 22. Bh4
Nc8 23. Kh1 Rg8 24. Nb1 Be7 25. Bg3 Rg5 26. Bf4 Rxh5 27. Rg1 Bg5 28. Qf3 Bxf4
29. Qxf4 Ne7 30. Bd1 Rg5 31. Rxg5 hxg5 32. Qxg5 Kd7 33. Nd2 Ra8 34. Bf3 Rxa4
35. Rxa4 Bxa4 36. Nxc4 dxc4 37. Bxb7 Bc6+ 38. Bxc6+ Kxc6 39. Nf3 Nd5 40. Qh6
Nxc3 41. Ng5 Qd7 42. Nxe6 Kb5 43. Qf6 Qd5+ 44. Kh2 Qf3 45. Nc7+ Ka5 46. Qh4 Ne2
47. e6 Nf4 48. Qg3 Qh5+ 49. Kg1 Ne2+ 50. Kg2 Nxg3 51. fxg3 c3
0-1

[Event "Fagernes Chess International"]
[Site "Fagernes"]
[Date "2015.03.29"]
[Round "2"]
[White "Løbersli, Henrik Øie"]
[Black "Omtvedt, Per"]
[Result "1-0"]
[WhiteElo "2078"]
[BlackElo "1919"]
[PlyCount "51"]
[EventDate "2015.??.??"]

1. Nf3 e6 2. g3 c5 3. c4 b6 4. Bg2 Bb7 5. O-O Nf6 6. Nc3 Be7 7. Re1 O-O 8. e4
d6 9. d4 cxd4 10. Nxd4 Qd7 11. b3 Nc6 12. Nc2 Rfd8 13. Bb2 Rab8 14. Qe2 a6 15.
Rad1 Qc7 16. h3 Na5 17. Kh2 Ba8 18. Ne3 Bc6 19. Rc1 Qd7 20. b4 d5 21. cxd5 exd5
22. exd5 Bxb4 23. dxc6 Nxc6 24. Red1 Nd4 25. Qc4 Bc5 26. Ne2
1-0